Shortest Bible Verses - Statistics

General Stats
  • This quiz has been taken 102 times
  • The average score is 2 of 11
Answer Stats
Chapter Verse % Correct
John 11:35 Jesus Wept
100%
1 Thessalonians 5:17 Pray Without Ceasing
24%
1 Thessalonians 5:16 Rejoice Evermore
10%
Luke 17:32 Remember Lot's Wife
8%
John 10:30 I and My Father Are One
6%
John 6:48 I Am That Bread of Life
4%
1 Thessalonians 5:25 Brethren, Pray For Us
3%
1 Thessalonians 5:20 Despise Not Prophesyings
3%
Mark 4:14 The Sower Soweth the Word
3%
2 Corinthians 13:13 All the Saints Salute You One I Know
1%
1 Thessalonians 5:19 Quence Not the Spirit
1%
No matching quizzes found
Score Distribution
Percent of People with Each Score
Percentile by Number Answered
Your Score History
You have not taken this quiz